| 000 | 00665nam a22001937a 4500 | ||
|---|---|---|---|
| 999 |
_c7562 _d7562 |
||
| 003 | OSt | ||
| 005 | 20211202113416.0 | ||
| 008 | 211202b ||||| |||| 00| 0 eng d | ||
| 020 | _a9781907877773 | ||
| 040 | _cddc | ||
| 082 | _a657.3 INT 2013 | ||
| 245 | _aInternational financial reporting standards as issued at 1 January 2013 | ||
| 260 |
_aLondon : _b International Accounting Standards Board _c©2013 |
||
| 300 |
_a2 volumes (1352; 2121 pages) ; _c25 cm |
||
| 504 | _aIncludes bibliographical references and index | ||
| 650 |
_aInternational financial reporting standards _915475 |
||
| 650 |
_aFinancial statements -- Standards _915476 |
||
| 942 |
_2ddc _cBOOK |
||